LDR 00773naa#a2200169#i#450# 001 RU\\bibl\123075 005 20260511213706.1 011 ## _a3034-4689 100 ## _a20260508b2026####ek#y0rusy0150####ca 102 ## _aRU 200 1# _aОПРЕДЕЛЕНИЕ ЭФФЕКТИВНОСТИ СЕПАРАЦИИ АЭРОЗОЛЬНЫХ СИСТЕМ В АППАРАТАХ С КОМБИНИРОВАННЫМИ НАСАДКАМИ _eЖурнальная статья 210 1# _aКазань _cКазанский национальный исследовательский технологический университет _d2026 215 ## _a6 с. 608 ## _aЖурнальная статья _2local 700 #1 _aХамидуллин _gР. Н. 700 #1 _aЛаптев _gА Г 856 4# _avestniktu.ru _u